00425nam a2200145Ia 4500008004100000020001800041082001500059100002600074245001000100260000800110500001000118942000700128952012900135999001500264260604s9999 xx 000 0 und d a9780143429135 a891.44 NAS aTaslima nasrin935936 0aExile bPRH aExile cBK 00104070aIIMVbIIMVcGENERALd2026-06-04g499.00l0o891.44 NASp004394r2026-06-04 10:21:36v499.00w2026-06-04yBKBNAS c8776d8776